[Event "Llobregat op 1st"]
[Site "Llobregat"]
[Date "2007.12.30"]
[Round "5"]
[White "Dalmases Domenech, Ferran"]
[Black "Barbero Rodriguez, Nelson"]
[Result "1-0"]
[WhiteElo "1824"]
[BlackElo "1757"]
[PlyCount "96"]
[EventDate "2007.12.26"]
[EventType "swiss"]
[EventRounds "9"]
[EventCountry "ESP"]
[SourceTitle "CBM 122 Extra"]
[Source "ChessBase"]
[SourceDate "2008.03.04"]
[SourceVersion "1"]
[SourceVersionDate "2008.03.04"]
[SourceQuality "1"]

1. e4 e5 2. Nf3 Nc6 3. Bc4 Nf6 4. Ng5 d5 5. exd5 Na5 6. Bb5+ c6 7. dxc6 bxc6 8. Be2 Be7 9. Nc3 0-0 10. 0-0 h6 11. Nge4 Bb7 12. Nxf6+ gxf6 13. Bd3 Qd4 14. Qh5 Qf4 15. Ne2 Qg5 16. Qxg5+ fxg5 17. Bf5 Nc4 18. d3 Nd6 19. Ng3 h5 20. Be4 f5 21. Bf3 h4 22. Nh1 g4 23. Be2 Nf7 24. Bd2 Kh7 25. Rfe1 Nh6 26. Bf1 Bd6 27. Bc3 Rac8 28. Re2 f4 29. Rae1 f3 30. Re3 Nf5 31. Re4 c5 32. Rxg4 Rg8 33. Rxg8 Rxg8 34. g3 Nd4 35. Bxd4 cxd4 36. Bh3 Rg5 37. c3 dxc3 38. bxc3 Bd5 39. c4 Bc6 40. Be6 Bc5 41. Bd5 Bxd5 42. cxd5 h3 43. Re4 Bd4 44. g4 Rg6 45. Ng3 Rb6 46. g5 Rd6 47. Rh4+ Kg6 48. Rh6+ Kf7 1-0